|
|
|
|
| LEADER |
00795nab#a2200289#ar4500 |
| 001 |
000008613 |
| 003 |
SVKKK |
| 005 |
20030801135458.0 |
| 008 |
030801c1999 e sloo |
| FMT |
|
|
|
| 038 |
|
|
|a SVKKK
|
| 040 |
|
|
|a SVKKK
|b slo
|e AACR2
|
| 041 |
0 |
|
|a slo
|
| 080 |
|
|
|a 784.6
|2 1981
|
| 100 |
1 |
|
|a Paňáková, Ľudmila
|4 aut
|
| 245 |
1 |
0 |
|a "Oblbnúť ľudí nie je jednoduché" :
|b Prečo Příbuzní hrajú piesne svojich otcov
|c Paňáková Ľudmila,
|
| 260 |
|
|
|c 1999
|
| 650 |
0 |
4 |
|a hosťovanie
|z Košice
|
| 650 |
0 |
4 |
|a hudba folková
|z Příbuzní (česká folková skupina)
|
| 650 |
0 |
4 |
|a informácie
|
| 773 |
0 |
|
|t Košický večer
|g Roč. 10, č. 178(1999), dát. 0916, s. 6
|
| 957 |
|
|
|a Košice
|
| 974 |
|
|
|a Cr
|
| 992 |
|
|
|a RBX
|
| BAS |
|
|
|
| 852 |
|
|
|a SVKKK
|b BIB
|
| 998 |
|
|
|a REG
|